| 000 | 02441cam a22005534i 4500 | ||
|---|---|---|---|
| 003 | PE-LiUPU | ||
| 005 | 20250731165520.0 | ||
| 008 | 150623s1999 mx a rb 000 0 spa d | ||
| 020 | _a9682429765 | ||
| 020 | _a9789682429767 | ||
| 035 | _a(Sirsi) i9789682429767 | ||
| 040 |
_aPE-LiUPU _bspa _cPE-LiUPU _erda |
||
| 049 | _aPRUA | ||
| 082 | 0 | 4 |
_a070.410147 _bG71 _221 |
| 100 | 1 |
_aGonzáles Longoria, Silvia L., _eautor. |
|
| 245 | 1 | 3 |
_aEl ejercicio del periodismo / _cSilvia L. Gonzáles Longoria. |
| 264 | 1 |
_aMéxico DF : _bTrillas, _c1999. |
|
| 300 |
_a103 páginas : _bilustraciones ; _c23 centímetros |
||
| 336 |
_atext _2rdacontent |
||
| 337 |
_aunmediated _2rdamedia |
||
| 338 |
_avolume _2rdacarrier |
||
| 490 | 0 | _aPeriodismo sin fronteras | |
| 504 | _aBibliografía: páginas 103. | ||
| 505 | 0 | _a¿Como comenzar? -- Los periodistas: del heroísmo a la verguenza -- Los géneros periodísticos -- Fuentes informativas -- La noticia: ¿que? -- Un buen comienzo -- Reglas de estilo -- La entrevista: ¿quien? -- La crónica: ¿cómo?, ¿cuando?, ¿dónde? -- El reportaje: ¿por qué?. | |
| 526 | _aSEG44 | ||
| 526 | _aSEG26 | ||
| 526 | _aP151 | ||
| 526 | _aP150 | ||
| 526 | _aP149 | ||
| 526 | _aP146 | ||
| 526 | _aP145 | ||
| 526 | _aP126 | ||
| 526 | _aP125 | ||
| 526 | _aP92 | ||
| 526 | _aP75 | ||
| 526 | _aP74 | ||
| 526 | _aP27 | ||
| 526 | _aP15 | ||
| 650 | 0 | 4 | _aPeriodismo como profesión. |
| 910 |
_bksl _cksl _d20190523 |
||
| 942 |
_2ddc _cBOOK |
||
| 949 |
_a070.410 147 G71 _wDEWEY _c1 _i52120 _d2016-9-8 _e2016-9-8 _lCCODEBUL1 _mBUL _n2 _p16.00 _r0 _sY _tBOOK _u2015-6-24 _xEDUCACION _PP07 _0COMPRA _o.STAFF. Colección Ciencias Humanas y Educación |
||
| 949 |
_a070.410 147 G71 _wDEWEY _c2 _i55640 _d2016-9-8 _e2016-9-8 _lCCODEBUL1 _mBUL _n1 _p16.00 _r0 _sY _tBOOK _u2015-6-24 _xEDUCACION _PP07 _0COMPRA _o.STAFF. Colección Ciencias Humanas y Educación |
||
| 994 |
_aC0 _bPEPRU |
||
| 596 | _a1 | ||
| 999 |
_a070.410147 G71 _wDEWEY _c33924 _i52120 _d33924 _e2018-10-15 _f2021-11-4 _g5 _lCCODEBUL1 _mBUL _n4 _p16.00 _q1 _r0 _sY _tBOOK _u2015-6-24 _xBIBLIOTECA _PP07 _0COMPRA _o.STAFF. Colección General |
||
| 999 |
_a070.410147 G71 _wDEWEY _c2 _i55640 _d2019-5-3 _e2019-4-16 _f2019-12-11 _g5 _lCCODEBUL1 _mBUL _n2 _p16.00 _r0 _sY _tBOOK _u2015-6-24 _xEDUCACION _PP07 _0COMPRA _o.STAFF. Colección Ciencias Humanas y Educación |
||
| 980 |
_81 _gALBERTO SANCHEZ Responsable de Automatización |
||